000 00521nam a2200205Ia 4500
003 GCL
008 140319s9999 xx 000 0 eng d
040 _aGCL /
_cGCL
082 0 4 _a759.52
_bI J
100 1 _aILLING, PICHARD
245 1 0 _aJAPANESE PRINTS /
_cILLING, PICHARD
260 _a[S.N] :
_bTIGER BOOKS INTERNATIONAL ،
_c1989
300 _a64\P
490 _aCOLLECTOR'S ART EDITIONS
_v0
650 0 4 _aPAINTING
650 0 4 _aPRINTING
650 0 4 _aART, JAPAN
650 0 4 _aJAPAN - ARTS
942 _2ddc
_cBK
999 _c20846
_d20846